All Warriors - Hyrule Warriors: Age of Imprisonment - Statistics

General Stats
  • This quiz has been taken 24 times
  • The average score is 12 of 19
Answer Stats
Warrior % Correct
Rauru
100%
Zelda
100%
Mineru
87%
Agraston
80%
Ardi
80%
Qia
73%
Raphica
73%
Calamo
60%
Knight Construct
60%
Ronza
53%
Vence
53%
Cadlan
47%
Lago
47%
Sholani
47%
Braton
40%
Pastos
40%
Quino
40%
Typhan
40%
Pinnec
33%
No matching quizzes found
Score Distribution
Percent of People with Each Score
Percentile by Number Answered
Your Score History
You have not taken this quiz